No saints suddenly. (Record no. 16511)

000 -LEADER
fixed length control field 00476nam a2200169 a 4500
001 - CONTROL NUMBER
control field :::00019474$&:&@@
003 - CONTROL NUMBER IDENTIFIER
control field OkBaRHE
005 - DATE AND TIME OF LATEST TRANSACTION
control field 20010411114311.0
008 - FIXED-LENGTH DATA ELEMENTS--GENERAL INFORMATION
fixed length control field s1963 j 000 0 eng u
040 ## - CATALOGING SOURCE
Transcribing agency
100 1# - MAIN ENTRY--PERSONAL NAME
Personal name Werner, Hazen G.
245 10 - TITLE STATEMENT
Title No saints suddenly.
260 ## - PUBLICATION, DISTRIBUTION, ETC. (IMPRINT)
Place of publication, distribution, etc New York
Name of publisher, distributor, etc Abingdon Press
Date of publication, distribution, etc 1963
300 ## - PHYSICAL DESCRIPTION
Extent 160 p.
942 ## - ADDED ENTRY ELEMENTS (KOHA)
Source of classification or shelving scheme
Koha item type Books
Copies
Copy number Full call number Permanent Location Barcode Withdrawn status Koha item type Date last seen Lost status Not for loan Damaged status Source of classification or shelving scheme Price effective from Date acquired Shelving location
1BV 4501.2 .W43RHEMA Bible Training College19474 Books2010-04-14    2010-04-142010-04-14General Stacks